000
00204 a2200097 4500
001
9072
090
_c
7251
_d
7251
100
_a
Arnold, M
245
_a
Arnold poetry and prose (Transfered to SOA)
260
_b
Oxford
942
_a
NUST-CAE
999
_c
244145
_d
244145